| 000 | 00479nam a2200181 a 4500 | ||
|---|---|---|---|
| 001 | 7590 | ||
| 003 | CO-ViMGA | ||
| 008 | 141112s2004 ck r 000 u spa d | ||
| 020 | _a8472482448 | ||
| 040 |
_aCO-ViMGA _bspa _cCO-ViMGA |
||
| 082 | 0 | 4 | _a346.066 V197 |
| 100 | 1 |
_aVazquez Cueto, Jose Carlos _96973 |
|
| 245 | 1 | 0 | _aRegimen juridico de la autocartera |
| 260 |
_aMadrid : _bMarcial Pons, _c1995 |
||
| 300 | _a615 p | ||
| 650 | 1 | 4 |
_aSOCIEDADES (DERECHO) _94073 |
| 942 |
_2ddc _cBK |
||
| 999 |
_c19536 _d19536 |
||